000 00524nam a2200181 i 4500
001 71743
003 ES-MaACL
005 20230906171221.0
007 t|
008 040818s1969 sp ||||1| spa d
100 1 _aGeymonat, Ludovico.
_956545
245 1 0 _aGalileo Galilei /
_cLudovico Geymonat ; [traducción de J.R. Capella].
250 _a[1ª ed.].
260 _a[Barcelona] :
_bPenínsula,
_c[1969]
300 _a234 p. ;
_c18 cm.
700 0 _aCapella, Juan-Ramón.
_934819
852 _aES-MaACL
_jC-40313
_bR.71936
999 _c71743
_d71743